Mystery in the night woods / (Record no. 4570)
[ view plain ]
| 000 -LEADER | |
|---|---|
| fixed length control field | 01032nam a22002897a 4500 |
| 001 - CONTROL NUMBER | |
| control field | 4570 |
| 003 - CONTROL NUMBER IDENTIFIER | |
| control field | FISKH |
| 005 - DATE AND TIME OF LATEST TRANSACTION | |
| control field | 20240917100134.0 |
| 008 - FIXED-LENGTH DATA ELEMENTS--GENERAL INFORMATION | |
| fixed length control field | 240917b cb ||||| |||| 00| 0 eng d |
| 020 ## - INTERNATIONAL STANDARD BOOK NUMBER | |
| International Standard Book Number | 059045224X |
| 040 ## - CATALOGING SOURCE | |
| Original cataloging agency | FISKH |
| Language of cataloging | eng |
| Transcribing agency | FISKH |
| Modifying agency | FISKH |
| 050 ## - LIBRARY OF CONGRESS CALL NUMBER | |
| Classification number | PZ10.3 |
| 100 ## - MAIN ENTRY--PERSONAL NAME | |
| Personal name | Peterson, John |
| Dates associated with a name | (1924–2002) |
| 245 ## - TITLE STATEMENT | |
| Title | Mystery in the night woods / |
| Statement of responsibility, etc. | By John Peterson illustrated by Cyndy Szekeres Cover illustration by Jacqueline Rogers |
| 250 ## - EDITION STATEMENT | |
| Edition statement | Published in 1969 |
| 260 ## - PUBLICATION, DISTRIBUTION, ETC. | |
| Place of publication, distribution, etc. | New York : |
| Name of publisher, distributor, etc. | Scholastic, |
| Date of publication, distribution, etc. | 1969. |
| 300 ## - PHYSICAL DESCRIPTION | |
| Extent | 80 pages : |
| Other physical details | illustrations ; |
| Dimensions | 20cm |
| 505 ## - FORMATTED CONTENTS NOTE | |
| Formatted contents note | O<br/> |
| 520 ## - SUMMARY, ETC. | |
| Summary, etc. | Weasel is after something, and he's going to trick Flying Squirrel to get it. But Flying Squirrel has a friend, Mr. Bat, who isn't going to sit around and let Weasel get away with it! |
| 521 8# - TARGET AUDIENCE NOTE | |
| Target audience note | 600L<br/> |
| Source | Lexile<br/> |
| 521 8# - TARGET AUDIENCE NOTE | |
| Target audience note | O<br/> |
| Source | Raz-Plus<br/> |
| 650 ## - SUBJECT ADDED ENTRY--TOPICAL TERM | |
| Source of heading or term | Mystery |
| Topical term or geographic name entry element | Chapter book |
| 650 ## - SUBJECT ADDED ENTRY--TOPICAL TERM | |
| Source of heading or term | Animals |
| Topical term or geographic name entry element | Backyard animals |
| 700 ## - ADDED ENTRY--PERSONAL NAME | |
| Personal name | Szekeres, Cyndy |
| Dates associated with a name | Illustrator |
| 942 ## - ADDED ENTRY ELEMENTS (KOHA) | |
| Source of classification or shelving scheme | Dewey Decimal Classification |
| Koha item type | Books |
| Suppress in OPAC | No |
| Withdrawn status | Lost status | Source of classification or shelving scheme | Damaged status | Not for loan | Collection | Home library | Current library | Shelving location | Date acquired | Total Checkouts | Full call number | Barcode | Date last seen | Copy number | Price effective from | Koha item type |
|---|---|---|---|---|---|---|---|---|---|---|---|---|---|---|---|---|
| Dewey Decimal Classification | Juvenile Fiction | Footprints International School Library Network Toul Kork Campus | Footprints International School Library Network Toul Kork Campus | TTP Primary Yellow Bookshelves | 09/17/2024 | PET PZ10.3 | 2024-1978 | 09/17/2024 | 1 | 09/17/2024 | Books |
